Historia del derecho de la navegación I: trabajos de teoría e historia de derecho marítimo y de derecho aeronáutico

Na minha lista:
Detalhes bibliográficos
Autor principal: Peláez, Manuel J (Author)
Formato: Livro
Idioma:espanhol
Publicado em: Zaragoza Cometa 1994
Assuntos:
Tags: Adicionar Tag
Sem tags, seja o primeiro a adicionar uma tag!

MARC

LEADER 00000nam a2200000 a 4500
001 UCR8988
003 CL-VaPUC
008 980605e19940000SP |||||||||||||||||spa|d
082 0 4 |a 341.756  |b PEL  |2 21 
100 0 |a Peláez, Manuel J  |e author  |9 411086 
245 1 0 |a Historia del derecho de la navegación I: trabajos de teoría e historia de derecho marítimo y de derecho aeronáutico 
300 |a 799 h 
942 |c BK 
945 |d 19980605 00:00:00  |a mvenant 
260 |a Zaragoza  |b Cometa  |c 1994 
650 0 |a Historia del derecho  |9 255109 
650 0 |a Derecho marítimo  |9 255301 
650 0 |a Derecho aéreo  |9 260765 
650 7 |a DERECHO ESPACIAL  |2 CL-VaPUC  |9 336780 
650 0 |a Derecho español  |9 255291 
583 |a last modification  |c 20161003 12:17:02  |k Rodrigo Vera 
999 |c 270238  |d 270236 
952 |0 0  |1 0  |4 0  |6 341_756000000000000_PEL_1994  |7 0  |8 DER_HIS  |9 304396  |a BIBDER  |b BIBDER  |d 2019-11-20  |i 3433056  |o 341.756 PEL 1994  |p 3433056  |r 2023-01-25  |w 2019-11-20  |x Ubicación 4to Piso  |y BK  |z Estos recursos deben solicitarse con anticipación  |k DER